Biblioteca

Luz en las tinieblas : (Registro nro. 36625)

Detalles MARC
000 -LÍDER
Campo fijo de descripción fija 00981aam a2200301 i 4500
001 - NÚMERO DE CONTROL
Campo de control 768714001
003 - IDENTIFICADOR DEL NÚMERO DE CONTROL
Campo de control CO-MdFUSB
005 - FECHA Y HORA DE LA ULTIMA TRANSACCIÓN
control field 20251114160357.0
007 - CAMPO FIJO DE DESCRIPCIÓN FIJA--INFORMACIÓN GENERAL
Campo fijo de descripción fija ta
008 - ELEMENTOS DE LONGITUD FIJA -- INFORMACIÓN GENERAL
Campo fijo de descripción fija -- Información general 251114t1997 ag |||| |||| 00| 0 spa d
020 ## - NÚMERO INTERNACIONAL NORMALIZADO PARA LIBROS
Número Internacional Normalizado del libro 950-683-069-X
040 ## - FUENTE DE CATALOGACIÓN
Agencia que realiza la transcripción CO-MdFUSB
041 0# - CÓDIGO DE IDIOMA
Código de idioma para texto/pista de sonido o título separado spa
082 04 - NÚMERO DE CLASIFICACIÓN DECIMAL DEWEY
Número de la edición del Dewey 23
Número de clasificación 253.1
Clave de autor-Numero de item A872t
100 1# - ASIENTO PRINCIPAL--NOMBRE PERSONAL
Nombre personal Atiencia, Jorge
Término relacionador autor
245 10 - TÍTULO
Título del Material Luz en las tinieblas :
Parte restante del título - Subtitulo misión de la iglesia en América Latina
Mención de responsabilidad, etc. / Jorge Atiencia
264 #1 - PRODUCCIÓN, PUBLICACIÓN, DISTRIBUCIÓN, MANUFACTURA, Y COPYRIGHT
Nombre del productor, publicador, distribuidor Certeza Argentina,
Lugar de producción, publicación, distribución, manufactura Buenos Aires, Argentina :
Fecha de producción, publicación, distribución, manufactura, o copyright [1997]
264 #4 - PRODUCCIÓN, PUBLICACIÓN, DISTRIBUCIÓN, MANUFACTURA, Y COPYRIGHT
Fecha de producción, publicación, distribución, manufactura, o copyright ©1997
300 ## - DESCRIPCIÓN FÍSICA
Extensión 88 páginas
336 ## - TIPO DE CONTENIDO
Término de tipo de contenido texto
Código de tipo de contenido txt
Fuente rdacontent
337 ## - TIPO DE MEDIO
Fuente rdamedia
Nombre del tipo de medio sin mediación
Código del tipo de medio n
338 ## - TIPO DE SOPORTE
Fuente rdacarrier
Nombre del tipo de soporte volumen
Código Tipo de soporte nc
505 ## - NOTA DE CONTENIDO
Nota de contenido con formato preestablecido La iglesia en el mundo actual. -- Buenas noticias en un mundo hostil. -- La integridad en la misión. -- Para que se cumpliese la Escritura. -- El evangelio de la verdad.
563 ## - NOTA DE ENCUADERNACIÓN
Nota de encuadernación Rústico
650 #0 - ASIENTO SECUNDARIO DE MATERIA - TERMINO TEMÁTICO
Término temático o nombre geográfico como elemento de entrada Evangelización
9 (RLIN) 362
942 ## - TIPO DE MATERIAL (KOHA)
Tipo de Item KOHA Libros General
945 ## - INFORMACIÓN LOCAL DEL REGISTRO
Catalogador JTF-925
Existencias
Estado de Material Estado de Perdido Estado de Dañado No para Préstamo Colección Tomo Biblioteca de Origen Biblioteca Permanente Fecha de Adquisición Total de Préstamos Signatura Topográfica Código de Barras Última vez visto Ejemplar/Existencia Fecha de Remplazo Tipo de Material Última vez Préstado
        Colección General   Biblioteca FUSBC Biblioteca FUSBC 03/01/2005   G 253.1 A872t 11970 12/12/2019 1 26/01/2016 Libros General  
        Colección General   Biblioteca FUSBC Biblioteca FUSBC 03/01/2005 2 G 253.1 A872t 12851 12/12/2019 2 26/01/2016 Libros General 31/05/2018
        Colección General   Biblioteca FUSBC Biblioteca FUSBC 03/01/2005   G 253.1 A872t 12417 12/12/2019 3 26/01/2016 Libros General  

Biblioteca FUSBC | Teléfono: (57+4) 349 88 10 Ext. 141| WhatsApp (+57) 3005338115 
E-mail: biblioteca@unisbc.edu.co | Calle 76 87-14 Robledo Palenque, Medellín, Colombia

Con tecnología Koha